000 00909nam a2200277Ia 4500
003 IN-BaIIA
008 211028s9999 xx s 000 0 eng d
020 _a978-3-540-40470-5 (Print)
020 _a978-3-540-45040-5 (Online)
022 _a0075-8450 (Print)
022 _a1616-6361 (Online)
040 _cIIA Library
100 _aContopoulos, George, ed.
_940077
245 0 _aGalaxies and Chaos
_h[eBook]
260 _aHeidelberg, Berlin
_bSpringer Berlin Heidelberg
_c2003
300 _aOnline resource
490 _aLecture Notes in Physics
650 _a Astronomy, Observations and Techniques
_932107
650 _a Astrophysics and Astroparticles
_918344
650 _a Complex Systems
650 _a Mathematical Methods in Physics
650 _aPhysics
_973
700 _aVoglis, Nikos, ed.
_940078
856 _uhttp://doi.org/10.1007/b12613
_yClick Here to Access eBook
942 _cEB
999 _c21670
_d21670